000 00831nam a2200217Ia 4500
008 130821s2012 ck gr spa
020 _a9789583508745
040 _aCo-BoUCM
_bspa
041 0 0 _aspa
245 0 0 _aCódigo de procedimiento administrativo y de lo contencioso administrativo ley 1437 de 2011.
_cSin MR
260 _aBogotá (Colombia)
_bEditorial Temis
_c2012
300 _a238 páginas
490 0 _aCódigos de bolsillo "Jorge Ortega Torres"
500 _aIncluye índices.
650 0 4 _aCódigo contencioso administrativo
_xLegislación
_zColombia
_935646
650 0 4 _aDerecho administrativo
_912695
650 0 4 _aDerecho administrativo
_zColombia
_931733
650 0 4 _aProcedimiento administrativo
_zColombia
_935079
942 _cLIBRO
_a8
_e1
_mC386
_2DEWEY
_h342.066
999 _c39038
_d39038